Making haste slowly : the troubled history of higher education in Mississippi /

Bibliographic Details
Main Author: Sansing, David G.
Corporate Author: NetLibrary, Inc
Format: eBook
Language:English
Published: Jackson, Miss. : University Press of Mississippi, [1990]
Subjects:
Online Access:Connect to the full text of this electronic book

MARC

Tag First Indicator Second Indicator Subfields
LEADER 00000cam a2200000 a 4500
001 in00001623913
005 20220105105442.0
006 m u
007 cr cn|||||||||
008 001009s1990 msu sb s001 0 eng d
010 |z 90037004 
020 |a 0585179948 (electronic bk.) :  |c $45.00 
020 |z 0878054588 (alk. paper) 
035 |a 24971  |b (N$T) 
035 |a nL24971 
040 |a N$T  |c N$T  |d UtOrBLW 
043 |a n-us-ms 
050 1 4 |a LA313.5  |b .S26 1990eb 
082 0 4 |a 378.762  |2 20 
100 1 |a Sansing, David G.  |0 http://id.loc.gov/authorities/names/n89634989 
245 1 0 |a Making haste slowly :  |b the troubled history of higher education in Mississippi /  |c David G. Sansing. 
264 1 |a Jackson, Miss. :  |b University Press of Mississippi,  |c [1990] 
264 4 |c ©1990 
300 |a xii, 309 pages ;  |c 24 cm. 
336 |a text  |b txt  |2 rdacontent 
337 |a computer  |b c  |2 rdamedia 
338 |a online resource  |b cr  |2 rdacarrier 
504 |a Includes bibliographical references (pages [281]-296) and index. 
533 |a Electronic reproduction.  |b Boulder, Colo. :  |c NetLibrary,  |d 2000.  |n Available via World Wide Web.  |n Access may be limited to NetLibrary affiliated libraries. 
500 |a Electronic resource. 
650 0 |a Universities and colleges  |z Mississippi  |x History. 
650 0 |a Education, Higher  |x Social aspects  |z Mississippi. 
655 7 |a Electronic books.  |2 local 
710 2 |a NetLibrary, Inc.  |0 http://id.loc.gov/authorities/names/no99080690 
776 0 |c Original  |w (DLC) 90037004 
856 4 1 |u https://proxy.library.tamu.edu/login?url=http://www.netLibrary.com/urlapi.asp?action=summary&v=1&bookid=24971  |z Connect to the full text of this electronic book  |t 0 
999 |a MARS 
999 f f |s f3c100d2-e857-3cff-aa93-16068f2ca8ee  |i d4a74b10-96e8-3e49-8fab-db0cfc3e3ab7  |t 0 
952 f f |a Texas A&M University  |b College Station  |c Electronic Resources  |d Available Online  |t 0  |e LA313.5 .S26 1990eb  |h Library of Congress classification 
998 f f |a LA313.5 .S26 1990eb  |t 0  |l Available Online